Motivácia k práci u človeka za socializmu zborník referátov z vedeckého seminára v Tatranskej Lomnici v dňoch 11.-13.10.1973

Bibliographic Details
Other Authors: Jurovský, Anton, 1908-1985 (Compiler), Karabín, Štefan (Author of introduction, etc.)
Format: Book
Language:Slovak
Czech
Published: Bratislava Čs. výskumný ústav práce 1973
Series:Štúdie a materiály
Subjects:

MARC

LEADER 00000cam a2200000 a 4500
001 vtls008346533
003 SK-MaSNL
005 20260301191540.0
008 190102s1973 xo a f n 000 0 slo
015 |a SNBA1974/05-01312 
035 |a SK01SNK19740038750 
035 |a SKM000041213 
040 |a SNK  |b slo  |c SNK  |e AACR2 
041 1 |a slo  |a cze  |b rus 
044 |a xo  |c SK 
080 |a 331.87:159.9=854=850  |2 1981 
080 |a 159.9=854=850  |2 1981 
245 0 0 |a Motivácia k práci u človeka za socializmu  |b zborník referátov z vedeckého seminára v Tatranskej Lomnici v dňoch 11.-13.10.1973  |c zostavil Anton Jurovský ; úvod: Štefan Karabín 
260 |a Bratislava  |b Čs. výskumný ústav práce  |c 1973 
300 |a 235, [1] s.  |b ilustr.  |c 8° 
366 |e 400 výtl. 
490 1 |a Štúdie a materiály  |v zv. 23 
504 |a Obsahuje bibliografiu a bibliografické odkazy 
546 |a Slovenské a české príspevky. Ruské resumé 
563 |a Nepredajné 
650 0 7 |a práca  |2 SNKPH  |9 2337 
650 0 7 |a pracovná motivácia  |2 SNKPH  |9 2341 
655 7 |a zborníky konferencií  |2 SNKPH  |9 70153 
700 1 |a Jurovský, Anton,  |d 1908-1985  |4 com  |9 117868 
700 1 |a Karabín, Štefan  |4 aui  |9 450632 
830 0 |a Štúdie a materiály  |9 296592 
954 |a odborná, vedecká literatúra pôvodná (slovenská)  |2 lita 
958 |a RK 
958 |a RM 
958 |a NB 
958 |a ZB 
958 |a OND 
999 |c 871421  |d 873351 
952 |a SNK  |b SNK  |y PREZ  |7 0  |o snkSC 33742  |0 0  |1 0  |4 0  |d 2022-06-23  |l 0  |r 2026-02-24 05:42:59  |w 2026-02-24 
952 |a SNK  |b SNK  |y VYP  |7 0  |o snkSC 33742 D1  |0 0  |1 0  |4 0  |d 2022-06-23  |l 0  |r 2026-02-24 05:42:59  |w 2026-02-24